|
|
|
|
| LEADER |
01672cam a2200349 a 4500 |
| 001 |
c000398383 |
| 003 |
CARM |
| 005 |
20141028112617.0 |
| 008 |
141028s1981 wea s100 0 eng d |
| 019 |
1 |
|
|a 3924430
|5 LACONCORD2021
|
| 035 |
|
|
|a (OCoLC)216676198
|5 LACONCORD2021
|
| 040 |
|
|
|a WLB
|b eng
|c WLB
|d WLB
|
| 042 |
|
|
|a anuc
|
| 082 |
0 |
4 |
|a 615.7
|2 23
|
| 100 |
1 |
|
|a Arblaster, Chris.
|
| 245 |
1 |
0 |
|a Use, abuse and medical aspects of drugs in sport /
|c by Chris Arblaster.
|
| 260 |
|
|
|a [Wembley, W.A.] :
|b Dept. for Youth, Sport & Recreation,
|c 1981.
|
| 300 |
|
|
|a 10, 11 p. ;
|c 30 cm.
|
| 500 |
|
|
|a Cover title.
|
| 500 |
|
|
|a "The following proceedings are from two lectures given by Dr. Chris Arblaster on Drugs and Sport in July of 1981 in Perth. The project was initiated by the Sports Medicine Federation of Australia (W.A. Branch) and organised by the Western Australian Institute of Sport." - Foreword.
|
| 505 |
0 |
|
|a Pt. 1. The use and abuse of drugs in sport -- Pt. 2. Medical aspects of drug abuse in sport.
|
| 650 |
|
0 |
|a Sports medicine
|v Congresses.
|
| 650 |
|
0 |
|a Doping in sports
|v Congresses.
|
| 650 |
|
0 |
|a Drug abuse
|v Congresses.
|
| 710 |
1 |
|
|a Western Australia.
|b Department for Youth, Sport and Recreation.
|
| 710 |
2 |
|
|a Western Australian Institute of Sport.
|
| 710 |
2 |
|
|a Australian Sports Medicine Federation.
|b W.A. Branch.
|
| 852 |
8 |
|
|b CARM
|p 0611245
|f BK
|
| 852 |
8 |
|
|b SCAN
|h A3:AH12E0
|i F09003
|p 0611245
|f BK
|
| 999 |
f |
f |
|i e533484d-bcf6-5114-82bf-e32d571118cb
|s 170cfd3e-84d5-51c1-8eb8-3edc143e84c9
|
| 952 |
f |
f |
|p Can circulate
|a CAVAL
|b CAVAL
|c CAVAL
|d CARM 1 Store
|i book
|m 0611245
|
| 952 |
f |
f |
|a CAVAL
|b CAVAL
|c CAVAL
|d Unmapped Location
|e F09003
|f A3:AH12E0
|h Other scheme
|